000 00533nam a2200217Ia 4500
003 OSt
005 20230626143731.0
008 210423s9999 xx 000 0 und d
020 _a9788120417328
040 _cAL
041 _aeng
082 _a660.60581CHAH
_223
100 _aCHAWLA (H S).
_9101366
245 _aIntroduction to plant biotechnology .
250 _a3
260 _aNew Delhi
_bOxford University Press
_c2011
300 _axxix,698
_bPB
365 _b350
_cINR
906 _abiotechnology
942 _2ddc
_cBK
999 _c164565
_d164565